Szczegóły MARC21

Beschreibung eines Kampfes : Novellen, Skizzen, Aphorismen aus dem Nachlass /

003 -Nazwa inst., której nr kontr. jest w polu 001 [,]
    • @
    • Nazwa instytucji, której n kontrolny jest w polu 001
    • NUKAT
005 -DATA I CZAS OSTATNIEJ MODYFIKACJI [,]
    • @
    • pole kontrolne
    • 20241231111340.0
020 -Międzynarod. znormalizowany nr książki - ISBN [ , ]
    • a
    • Numer ISBN
    • 3596143004 Find
040 -Instytucja sporządzająca opis [ , ]
    • a
    • Instytucja, która sporządziła opis (NP)
    • KAT U/SK
    • c
    • Instytucja, która sporządziła rekord (NP)
    • KAT U/SKs
    • d
    • Instytucja, która zmodyfikowała rekord (P)
    • KAT U/TK KAT U/DB
942 -Rodzaj dokumentu [ , ]
    • c
    • Rodzaj dokumentu
    • Książka
100 -Hasło główne - nazwa osobowa [1, ]
    • a
    • Nazwa osobowa (NP)
    • Kafka, Franz
    • d
    • Daty biograficzne (NP)
    • (1883-1924).
    • 9
    • KHW
    • 28574
245 -Strefa tytułu i oznaczenia odpowiedzialności [1,0]
    • a
    • Tytuł
    • Beschreibung eines Kampfes : Find
    • b
    • Ciąg dalszy tytułu (NP)
    • Novellen, Skizzen, Aphorismen aus dem Nachlass / Find
    • c
    • Pozostałe elementy strefy tytułu i oznaczenia odpowiedzialności (NP)
    • Franz Kafka.
250 -Strefa wydania [ , ]
    • a
    • Oznaczenie wydania (NP)
    • Ungekürzte Ausg. 54-57 Tausend.
260 -Strefa adresu wydawniczego [ , ]
    • a
    • Miejsce wydania (P)
    • Frankfurt am Main :
    • b
    • Nazwa wydawcy (P)
    • Fischer Taschenbuch Verlag,
    • c
    • Data wydania (P)
    • 1993.
300 -Strefa opisu fizycznego [ , ]
    • a
    • Określenie formy książki i/lub objętość (NP)
    • 279, [1] s. ;
    • c
    • Format (NP)
    • 18 cm.
336 -Typ zawartości [ , ]
    • a
    • Termin opisujący typ zawartości
    • Tekst
    • b
    • Kod określający zawartość
    • txt
    • 2
    • Źródło (terminu i kodu)
    • rdacontent
337 -Typ mediów [ , ]
    • a
    • Tryb odtwarzania
    • Bez urządzenia pośredniczącego
    • b
    • Kod typu mediów
    • n
    • 2
    • Źródło (terminu i kodu)
    • rdamedia
338 -Typ/rodzaj nośnika [ , ]
    • a
    • Hasło opisujące typ nośnika
    • Wolumin
    • b
    • Kod typu nośnika
    • nc
    • 2
    • Źródło (terminu i kodu)
    • rdacarrier
490 -Strefa serii i książki wielotomowej - forma nie do wyszukiwania [1, ]
    • a
    • Tytuł (P)
    • Gesammelte Werke : Taschenbuchausgabe in acht Bänden / Franz Kafka ; hrsg. von Max Brod ; Find
    • v
    • Numeracja (P)
    • Vol. 5
490 -Strefa serii i książki wielotomowej - forma nie do wyszukiwania [1, ]
    • a
    • Tytuł (P)
    • Fischer Taschenbuch Verlag ; Find
    • v
    • Numeracja (P)
    • Bd. 14300
830 -Hasło dodatkowe serii i opisu książki wielotomowej - tytuł ujednolicony/tytuł [ ,0]
    • a
    • Tytuł ujednolicony/tytuł (NP)
    • Fischer-Taschenbücher
    • x
    • ISSN
    • 0173-5438
    • v
    • Oznaczenie tomu (NP)
    • Bd. 14300
    • 9
    • KHW
    • 12187
500 -Uwaga ogólna [ , ]
    • a
    • Uwaga ogólna (NP)
    • Oznaczenie numeracji cyklu autorskiego i numer serii według: https://explore.rero.ch/fr_CH/rero/result/L/VlRMU19SRVJPMTMzODg5Nw==.
504 -Uwaga dot. bibliogr. załącznikowej [ , ]
    • a
    • Uwaga dot. bibliografii załącznikowej
    • Bibliogr. s. 275-[280].
080 -Uniwersalna Klasyfikacja Dziesiętna [ , ]
    • a
    • Symbol klasyfikacji
    • 830(436)-3/-9(081)=30
655 -Hasło w funkcji tematu formalnego [ ,7]
    • a
    • Hasło
    • Proza austriacka
    • y
    • Określnik chronologiczny
    • 1900-1945.
    • 2
    • Źródło terminu
    • kaba
    • 9
    • KHW
    • 415402
980 -Symbol UKD [ , ]
    • a
    • UKD
    • 830(436)-3/-9(081)=30
700 -Hasło dodatkowe - nazwa osobowa [1, ]
    • a
    • Nazwa osobowa (NP)
    • Brod, Max Find
    • d
    • Daty biograficzne (NP)
    • (1884-1968).
    • e
    • Określenie rodzaju współpracy
    • Red.
    • 9
    • KHW
    • 28576
710 -Hasło dodatkowe - nazwa ciała zbiorowego [2, ]
    • a
    • Nazwa ciała zbiorowego lub nazwa geograficzna jako pierwszy element (NP)
    • Fischer Taschenbuch Verlag.
    • 4
    • Kod relacji
    • pbl
    • 9
    • KHW
    • 68672
800 -Hasło dodatkowe opisu książki wielotomowej - nazwa osobowa [1, ]
    • a
    • Nazwa osobowa (NP)
    • Kafka, Franz
    • d
    • Daty biograficzne (NP)
    • (1883-1924).
    • t
    • Tytuł ujednolicony/tytuł (NP)
    • Gesammelte Werke
    • v
    • Oznaczenie tomu (NP)
    • Vol. 5
    • 9
    • KHW
    • 401930
920 -ISBN [ , ]
    • a
    • ISBN
    • 3-596-14300-4 Find
Data inwentaryzacji Sygnatura Lokalizacja Status udost. Numer inwentarzowy
1995-10-13Germ. Literatura austriackaBM-3G.11408